000 00836nam a2200241Ia 4500
003 OSt
005 20220923220955.0
006 a|||||r|||| 00| 0
007 ta
008 220922b |||||||| |||| 00| 0 hin d
024 _a193,070
037 _cTextual
040 _aARTS
_cARTS
_bhin
041 _2hin
_ahin
082 _aV2:19461p1,N21, 152G0
100 _aवर्मा, बाबू रामचन्द्र
245 0 _aअरब और भारत के सम्बन्ध
246 _aArab aur bhārat ke sambandha
260 _aप्रयाग
_b हिन्दुस्तानी एकेडेमी
_c1930
300 _a334पृ.
_ccm.
942 _hV2:19461p1,N21, 152G0
_cTEXL
_2CC
999 _c345571
_d345571